| 000 | 00674cam a2200229 i 4500 | ||
|---|---|---|---|
| 005 | 20131010080948.0 | ||
| 008 | 780504s1978 cau b 001 0 eng | ||
| 041 | 0 | _aeng | |
| 080 | _a159.9 | ||
| 100 | 1 |
_aRoberts, D. F. _q(Derek Frank) |
|
| 245 | 1 | 0 |
_aClimate and human variability / _cD. F. Roberts. |
| 250 | _a2d ed. | ||
| 260 |
_aMenlo Park, Calif. : _bCummings Pub. Co., _cc1978. |
||
| 300 |
_a123 p. : _bgraphs ; _c21 cm. |
||
| 490 | 0 | _aCummings modular program in anthropology | |
| 500 | _aPreface f. : [I] | ||
| 500 | _aIncludes indexes. | ||
| 504 | _aBibliography: p. 98-110. | ||
| 650 | 0 |
_aNjeriu _xNdikimi i klimës |
|
| 650 | 0 | _xPsikologjia | |
| 942 |
_2udc _cBK |
||
| 999 |
_c91 _d91 |
||